Načítá se...
അമ്മ മലയാളം /
| Hlavní autor: | |
|---|---|
| Další autoři: | |
| Médium: | Printed Book |
| Vydáno: |
Kottayam:
Sahitya pravarthaka Co-operative society,
2000.
|
| Vydání: | 1st ed. |
| Témata: |
| LEADER | 00581cam a2200157ua 4500 | ||
|---|---|---|---|
| 082 | |a M894.812 171 |b SRE/A | ||
| 100 | 0 | |a ശ്രീകുമാർ, കുരീപുഴ | |
| 245 | 1 | 2 | |a അമ്മ മലയാളം / |
| 250 | |a 1st ed. | ||
| 260 | |a Kottayam: |b Sahitya pravarthaka Co-operative society, |c 2000. | ||
| 300 | |a 108p.. | ||
| 650 | 0 | |a Ammamalayalam |a Malayalam poetry | |
| 700 | |a Sreekumar, Kureepuzha | ||
| 942 | |c BK | ||
| 999 | |c 2424 |d 2424 | ||
| 952 | |0 0 |1 0 |4 0 |6 M_894_812000000000000_171_SRE |7 0 |9 2532 |a KUCL |b KUCL |d 2014-05-23 |l 0 |o M894.812 171 SRE/ |p 08176 |r 2014-05-23 |w 2014-05-23 |y BK | ||